• 首页
  • 本馆介绍
  • 公告通知
  • 最新文献
  • 馆藏检索
  • 电子资源
  • 读者导购
  • 参考咨询
  • 我的图书馆
  • 登录
  • 详细信息显示
  • 放入我的书架
  • 预约/预借图书
  • 作者相关作品
  • 分类相关作品
  • 丛书相关作品
  • 出版社相关作品

书目信息

  • 表格格式
  • 工作单格式
  • 卡片格式
题名:
“二拍”与晚明文化变迁
    
 
作者: 郑亮 著
分册:  
出版信息: 济南   齐鲁书社  2014
页数: 195页
开本: 21cm
丛书名: 石河子大学绿洲文史研究丛书
单 册:
中图分类: I207.419
科图分类:
主题词: 话本小说--小说研究--中国--明代
电子资源:
ISBN: 978-7-5333-3097-2
000 00958nam 2200241 450
001 2371575736
005 20231228195329.53
010    @a978-7-5333-3097-2@d22.00CNY
100    @a20130318d2014 em y0chiy50 ea
101 0  @achi
102    @aCN@b370000
105    @ay z 000yy
200 1  @a“二拍”与晚明文化变迁@A“er pai ”yu wan ming wen hua bian qian@f郑亮著
210    @a济南@c齐鲁书社@d2014
215    @a195页@d21cm
225 2  @a石河子大学绿洲文史研究丛书@Adan he zi da xue lv zhou wen shi yan jiu cong shu
330    @a本书系作者在其博士论文的基础上修订而成, 主要从语言通俗化的转变, 语言个性写作的转变, 商业文化变迁, 宗教文化变迁及心学思潮流布等方面对“二拍”与晚明文化变迁关系进行了深入阐述。资料丰富, 论析深入, 创建颇多。
410  0 @12001 @a石河子大学绿洲文史研究丛书
606 0  @a话本小说@x小说研究@y中国@z明代
690    @aI207.419@v5
701  0 @a郑亮@Azheng liang@4著
801  0 @aCN@b湖北三新@c20130318
905    @aBZT@dI207.419@e13
    
    “二拍”与晚明文化变迁/郑亮著.-济南:齐鲁书社,2014
    195页;21cm.-(石河子大学绿洲文史研究丛书)
    
    
    ISBN 978-7-5333-3097-2:22.00CNY
    本书系作者在其博士论文的基础上修订而成, 主要从语言通俗化的转变, 语言个性写作的转变, 商业文化变迁, 宗教文化变迁及心学思潮流布等方面对“二拍”与晚明文化变迁关系进行了深入阐述。资料丰富, 论析深入, 创建颇多。
●
相关链接 在五车中查询图书 在当当中查询图书 在豆瓣中查询图书


正题名:"二拍"与晚明文化变迁     索取号:I207.419/13         预约/预借

序号 登录号 条形码 馆藏地/架位号 状态 备注
1 2001709943   2001709943   辽三/辽宁北配(第三批)/4103/ [索取号:I207.419/13] 在馆    
2 2001709944   2001709944   辽三/辽宁北配(第三批)/4103/ [索取号:I207.419/13] 在馆    
3 2001709945   2001709945   辽三/辽宁北配(第三批)/4103/ [索取号:I207.419/13] 在馆    
4 2001709946   2001709946   辽三/辽宁北配(第三批)/4103/ [索取号:I207.419/13] 在馆    
5 2001709947   2001709947   辽三/辽宁北配(第三批)/4103/ [索取号:I207.419/13] 在馆    
6 2001709948   2001709948   辽三/辽宁北配(第三批)/4103/ [索取号:I207.419/13] 在馆    
7 2001709949   2001709949   辽三/辽宁北配(第三批)/4103/ [索取号:I207.419/13] 在馆    
8 2001709950   2001709950   辽三/辽宁北配(第三批)/4103/ [索取号:I207.419/13] 在馆    
9 2001709951   2001709951   辽三/辽宁北配(第三批)/4103/ [索取号:I207.419/13] 在馆    
10 2001709952   2001709952   辽三/辽宁北配(第三批)/4103/ [索取号:I207.419/13] 在馆    
11 2001709953   2001709953   辽三/辽宁北配(第三批)/4103/ [索取号:I207.419/13] 在馆    
12 2001709954   2001709954   辽三/辽宁北配(第三批)/4103/ [索取号:I207.419/13] 在馆    
13 2001709955   2001709955   辽三/辽宁北配(第三批)/4103/ [索取号:I207.419/13] 在馆    
14 2001709956   2001709956   辽三/辽宁北配(第三批)/4103/ [索取号:I207.419/13] 在馆    
15 2001709957   2001709957   辽三/辽宁北配(第三批)/4103/ [索取号:I207.419/13] 在馆    
16 2001709958   2001709958   辽三/辽宁北配(第三批)/4103/ [索取号:I207.419/13] 在馆    
17 2001709959   2001709959   辽三/辽宁北配(第三批)/4103/ [索取号:I207.419/13] 在馆    
18 2001709960   2001709960   辽三/辽宁北配(第三批)/4103/ [索取号:I207.419/13] 在馆    
19 2001709961   2001709961   辽三/辽宁北配(第三批)/4103/ [索取号:I207.419/13] 在馆    
20 2001709962   2001709962   辽三/辽宁北配(第三批)/4103/ [索取号:I207.419/13] 在馆    
21 2001709963   2001709963   辽三/辽宁北配(第三批)/4103/ [索取号:I207.419/13] 在馆    
22 2001709964   2001709964   辽三/辽宁北配(第三批)/4103/ [索取号:I207.419/13] 在馆    
23 2001709965   2001709965   辽三/辽宁北配(第三批)/4103/ [索取号:I207.419/13] 在馆    
24 2001709966   2001709966   辽三/辽宁北配(第三批)/4103/ [索取号:I207.419/13] 在馆    
25 2001709967   2001709967   辽三/辽宁北配(第三批)/4103/ [索取号:I207.419/13] 在馆    
26 2001709968   2001709968   辽三/辽宁北配(第三批)/4103/ [索取号:I207.419/13] 在馆    
27 2001709969   2001709969   辽三/辽宁北配(第三批)/4103/ [索取号:I207.419/13] 在馆    
28 2001709970   2001709970   辽三/辽宁北配(第三批)/4103/ [索取号:I207.419/13] 在馆    
29 2001709971   2001709971   辽三/辽宁北配(第三批)/4103/ [索取号:I207.419/13] 在馆    
30 2001709972   2001709972   辽三/辽宁北配(第三批)/4103/ [索取号:I207.419/13] 在馆    
山东省滨州职业学院图书馆 欢迎您!
大连网信软件有限公司© 版权所有